00799 2200289 4500001002100000005001500021035002000036007000300056040001700059100003700076245007200113250001300185300002200198041000800220082001000228084001600238090002000254264004500274336002100319337003000340338002300370650002100393850001000414008004100424504002900465990001500494INLIS00000000000511820260515051651 a0010-0222000208ta aSBPUPADbind0 aSutarjo Adisusilo JR.ePengarang1 aProblematika Perkembangan Ilmu Pengetahuan /cSutarjo Adisusilo JR. a.-Cet. 1 a151 hal. ;c21 cm aind a306.4 a306.4 SUT p a306.3 FRI l 6-5 a.--Yogyakarta :bYayasan Kanisius,c1983 2rdacontentaTeks 2rdamediaaTanpa Perantara 2rdacarrieraVolume 4ailmu pengetahuan aPUPAD260515 0  abibliografi, hlm 149-151 a1104/ARPUS